Une lettre suffit pour répondre juste #2 (attention 10 lettres tuent) - Statistiques

Statistiques générales
  • Ce quiz a été pris 202 fois
  • Le résultat moyen est 3 sur 6
Statistiques - réponses
Hint Réponse % Correct
Donne une des 5 lettres qui vaut 10 points au scrabble français KWXYZ
100%
Donne une des 4 lettres du sigle qui désigne un ensemble de pratiques sexuelles et contractuelles utilisant la douleur, la contrainte, l'humiliation érotique ou la mise en scène de divers fantasmes sexuels. BDSM
87%
Donne une des 3 lettres qui compose le nom du film en extrait datant de 2007
REC
43%
Donne une des 2 lettres pour compléter la chanson Moi… Lolita d'Alizée :
Quand fourche ma langue j'ai là
Un fou rire aussi fou qu'un phénomène
Je m'appelle Lolita
?? de vie, ?? aux amours diluviennes
LO
20%
Donne la seule lettre qui désigne cet acteur
T
16%
Donne la seule lettre qui correspond à cet extrait
V
6%
Aucun quiz correspondant
Distribution des résultats
% des personnes avec chaque résultat
Percentile par nombre de réponses
Votre historique - résultats
Vous n’avez pas pris ce quiz